Report Of The Finance Committee On the Request For Tax Waiver On Equipment And Material Amounting To Euros €771, 450.15 For District Dental Facilities Project 2006. (Record no. 4422)

MARC details
000 -LEADER
fixed length control field 00678nam a22001697a 4500
003 - CONTROL NUMBER IDENTIFIER
control field OSt
005 - DATE AND TIME OF LATEST TRANSACTION
control field 20250624120000.0
008 - FIXED-LENGTH DATA ELEMENTS--GENERAL INFORMATION
fixed length control field 240829b |||||||| |||| 00| 0 eng d
041 ## - LANGUAGE CODE
Language code of text/sound track or separate title English
082 ## - DEWEY DECIMAL CLASSIFICATION NUMBER
Classification number CR/DDFP/06 Acc.no.9672
110 ## - MAIN ENTRY--CORPORATE NAME
Corporate name or jurisdiction name as entry element Fourth Parliament Of The Fourth Republic Of Ghana
245 ## - TITLE STATEMENT
Title Report Of The Finance Committee On the Request For Tax Waiver On Equipment And Material Amounting To Euros €771, 450.15 For District Dental Facilities Project 2006.
260 ## - PUBLICATION, DISTRIBUTION, ETC.
Place of publication, distribution, etc. Accra
Name of publisher, distributor, etc. Fourth Parliament Of The Fourth Republic Of Ghana
Date of publication, distribution, etc. 2006
300 ## - PHYSICAL DESCRIPTION
Extent 4p., tabs.;
653 ## - INDEX TERM--UNCONTROLLED
Uncontrolled term Euros 771, 450.15 For District Dental Facilities Project 2006.
942 ## - ADDED ENTRY ELEMENTS (KOHA)
Source of classification or shelving scheme Dewey Decimal Classification
Koha item type Reports
Suppress in OPAC No
Holdings
Withdrawn status Lost status Source of classification or shelving scheme Damaged status Not for loan Home library Current library Shelving location Date acquired Total checkouts Full call number Date last seen Copy number Price effective from Koha item type
    Dewey Decimal Classification     Main Library Main Library Open Shelves 06/11/2024   CR/IDA/01 Acc.no.:9673 06/11/2024 1 06/11/2024 Reports
©2026  Parliament of Ghana Library - All rights reserved